title in the taylor swift lyrics - name the song - Statistics

General Stats
  • This quiz has been taken 194 times
  • The average score is 32 of 40
Answer Stats
Album Lyric Answer % Correct
Fearless It's a ____ _____, baby, just say, "Yes" Love Story
96%
1989 'Cause, baby, now we got ___ _____ Bad Blood
94%
reputation Only bought this _____ so you could take it off Dress
94%
Midnights Can I ask you a ________? / Did you ever have someone kiss you in a crowded room Question...?
94%
Red I don't know about you / But I'm feelin' __ 22
92%
Lover And I hope I never lose you, hope it never ends / I'd never walk ________ ______ again Cornelia Street
92%
reputation You were drivin’ the _______ ___ Getaway Car
92%
Taylor Swift ___ ____ is the slamming screen door Our Song
91%
folklore Take me to ___ _____, where all the poets went to die the lakes
89%
reputation I wanna be your ___ ____ / I wanna be your first string End Game
88%
Taylor Swift As far as I'm concerned, you're just another _______ __ ____ Picture To Burn
88%
Lover I need to say, hey, it’s all me, just don't go / Meet me in the _________ Afterglow
87%
folklore And that's the thing about _______ _______ illicit affairs
87%
Midnights What if I told you I'm a __________? Mastermind
87%
evermore My house of stone, your ___ grows / And now I'm covered ivy
86%
evermore Life was a ______ and it bent right to your wind willow
86%
Speak Now I was screaming, "____ ____ all the magic we made" Long Live
85%
Lover Even if it's a _____ ___ / We'd still worship this love False God
84%
1989 Wish you were right here, right now, it's all good / _ ____ ___ _____ I Wish You Would
84%
evermore And I'm sitting on a bench in _____ ______ coney island
82%
Lover And it's ooh, woah-oh / It's a _____ ______ Cruel Summer
82%
folklore You were my crown, now I'm in _____, seein' you out exile
82%
reputation ____ __ __ _____, body and soul, woah King Of My Heart
82%
Midnights ___'__ __ ____ ___, ___ / You always have been You're On Your Own, Kid
82%
Speak Now Who you are is not where you've been / You're still an ________ Innocent
80%
folklore I want you to know / I'm a __________ mirrorball
80%
Speak Now 'Cause I see ______ ___ whenever you smile Sparks Fly
80%
1989 Baby, we're the ___ _________, come on, come along with me New Romantics
78%
Speak Now _______ ___ / Stop checkin' your mailbox for confessions of love Foolish One
73%
1989 I didn't come here to make friends / We were born to be ________ _______ Suburban Legends
72%
Taylor Swift Why would you wanna break / _ _________ ____ _____? A Perfectly Good Heart
70%
Red And right there where we stood / Was ____ ______ Holy Ground
67%
evermore Wages earned and lessons learned / But I, I'm _____ _____ ___ ____ __ right where you left me
67%
Fearless Woah-oh, I'm feelin' you, baby / Don't be afraid to ____, ____ ____ Jump then fall
66%
Taylor Swift I've never been anywhere ____ __ ___ Cold As You
64%
Red When you realized I'm harder to forget than I was to leave / And _ ___ ___ _____ _____ __ I Bet You Think About Me
64%
Red So don't look at me, you got a ____ __ ____ Girl At Home
59%
Midnights ____ __________ / Put on your records and regret me High Infidelity
58%
Fearless But I don't believe you, baby, like I did before / ___'__ ___ _____ You're Not Sorry
55%
Fearless We were gonna buy someday / And __ ____ _____ We Were Happy
46%
No matching quizzes found
Score Distribution
Percent of People with Each Score
Percentile by Number Answered
Your Score History
You have not taken this quiz